• 首页
  • 本馆介绍
  • 公告通知
  • 最新文献
  • 馆藏检索
  • 电子资源
  • 读者导购
  • 参考咨询
  • 我的图书馆
  • 登录
  • 详细信息显示
  • 放入我的书架
  • 预约/预借图书
  • 作者相关作品
  • 分类相关作品
  • 丛书相关作品
  • 出版社相关作品

书目信息

  • 表格格式
  • 工作单格式
  • 卡片格式
题名:
奋斗成就梦想
    
 
作者: 胡敏 著
分册:  
出版信息: 北京   世界知识出版社  2016
页数: 10,259页
开本: 23cm
丛书名:
单 册:
中图分类: K825.46
科图分类:
主题词: 教育家--生平事迹--中国--现代
电子资源:
ISBN: 978-7-5012-5270-1
000 00998nam0 2200253 45
001 012001004008
005 20140926114741.0
010    @a978-7-5012-5270-1@dCNY36.00
100    @a20160908d2016 em y0chiy50 ea
101 0  @achi
102    @aCN@b110000
105    @ay z 000yd
106    @ar
200 1  @a奋斗成就梦想@9fen dou cheng jiu meng xiang@dHard work makes dreams come true@f胡敏著@zeng
210    @a北京@c世界知识出版社@d2016
215    @a10,259页@d23cm
330    @a本书中胡敏教授讲述了成长中学习的心得、走上工作岗位之后的尽职尽责、勇敢地辞去众人艳羡的工作选择创业的道路并在教育的事业上硕果累累。同时,胡敏教授对留学和家庭教育进行了剖析。诠释了如何用奋斗的精神去演绎成功之道、学习之道、留学之道、职场之道,以及为人父母之道。
510 1  @aHard work makes dreams come true@zeng
606 0  @a教育家@x生平事迹@y中国@z现代
610 0  @a胡敏(1964- )
690    @aK825.46@v5
701  0 @a胡敏@9hu min@4著
801  0 @aCN@b上海新华@c20180901
905    @b1164042-6@dK825.46@e1202@f5
    
    奋斗成就梦想=Hard work makes dreams come true/胡敏著.-北京:世界知识出版社,2016
    10,259页;23cm
    
    
    ISBN 978-7-5012-5270-1:CNY36.00
    本书中胡敏教授讲述了成长中学习的心得、走上工作岗位之后的尽职尽责、勇敢地辞去众人艳羡的工作选择创业的道路并在教育的事业上硕果累累。同时,胡敏教授对留学和家庭教育进行了剖析。诠释了如何用奋斗的精神去演绎成功之道、学习之道、留学之道、职场之道,以及为人父母之道。
●
相关链接 在E读中查询图书 在五车中查询图书 在当当中查询图书 在豆瓣中查询图书


正题名:奋斗成就梦想     索取号:K825.46/1202         预约/预借

序号 登录号 条形码 馆藏地/架位号 状态 备注
1 1164042   211640429   第二样本阅览室/ [索取号:K825.46/1202] 在馆    
2 1164043   211640438   第二借阅区/ [索取号:K825.46/1202] 在馆    
3 1164044   211640447   第二借阅区/ [索取号:K825.46/1202] 在馆    
4 1164045   211640456   第二借阅区/ [索取号:K825.46/1202] 在馆    
5 1164046   211640465   密集书库-史法系/ [索取号:K825.46/1202] 在馆    
唐山师范学院图书馆 欢迎您!
大连网信软件有限公司© 版权所有